5HLuxD.jpg

KING HENRY VIII SENIOR AND PRIMARY SCHOOL LIBRARY OPAC

The princess and the pea / (Record no. 5587)

000 -LEADER
fixed length control field 01409cam a2200385 a 4500
001 - CONTROL NUMBER
control field 12173639
003 - CONTROL NUMBER IDENTIFIER
control field OSt
005 - DATE AND TIME OF LATEST TRANSACTION
control field 20251008103801.0
008 - FIXED-LENGTH DATA ELEMENTS--GENERAL INFORMATION
fixed length control field 000914s2001 maua b 000 1 eng
010 ## - LIBRARY OF CONGRESS CONTROL NUMBER
LC control number 00048378
020 ## - INTERNATIONAL STANDARD BOOK NUMBER
International Standard Book Number 9781409591528
035 ## - SYSTEM CONTROL NUMBER
System control number 12173639
040 ## - CATALOGING SOURCE
Original cataloging agency DLC
Transcribing agency DLC
Modifying agency DLC
-- KH8
042 ## - AUTHENTICATION CODE
Authentication code lcac
082 ## - DEWEY DECIMAL CLASSIFICATION NUMBER
Classification number FIC DAV
100 1# - MAIN ENTRY--PERSONAL NAME
Personal name Davidson, Susanna,
Relator term author.
245 14 - TITLE STATEMENT
Title The princess and the pea /
Statement of responsibility, etc. based on the story by Hans Christian Anderson, retold by Susanna Davidson and illustrated by Mike Gordon.
260 ## - PUBLICATION, DISTRIBUTION, ETC.
Place of publication, distribution, etc. England ;
Name of publisher, distributor, etc. Usborne Publishing Ltd ,
Date of publication, distribution, etc. 2004.
300 ## - PHYSICAL DESCRIPTION
Extent 48 pages :
Other physical details color illustartions ;
Dimensions 20 cm.
336 ## - CONTENT TYPE
Content type term text
Content type code txt
Source rdacontent
337 ## - MEDIA TYPE
Media type term unmediated
Media type code n
Source rdamedia
338 ## - CARRIER TYPE
Carrier type term volume
Carrier type code nc
Source rdacarrier
490 ## - SERIES STATEMENT
Series statement Usborne Young Reading
Volume/sequential designation Series one
520 ## - SUMMARY, ETC.
Summary, etc. Prince Patrick wants to marry a real princess, but they're not easy to find. Still, anything is possible with the help of a cousin, a witch and a pea...
650 #1 - SUBJECT ADDED ENTRY--TOPICAL TERM
Topical term or geographic name entry element Fairy tales
Form subdivision fiction
650 #1 - SUBJECT ADDED ENTRY--TOPICAL TERM
Topical term or geographic name entry element Jewelry
Form subdivision Fiction.
650 #1 - SUBJECT ADDED ENTRY--TOPICAL TERM
Topical term or geographic name entry element Humorous stories.
650 #1 - SUBJECT ADDED ENTRY--TOPICAL TERM
Topical term or geographic name entry element Easy reading
655 #7 - INDEX TERM--GENRE/FORM
Genre/form data or focus term Fiction.
Source of term lcgft
Authority record control number or standard number https://id.loc.gov/authorities/genreForms/gf2014026339
700 ## - ADDED ENTRY--PERSONAL NAME
Personal name Andersen, Hans Christian,
Relator term author.
700 ## - ADDED ENTRY--PERSONAL NAME
Personal name Gordon, Mike,
Relator term illustrator.
700 ## - ADDED ENTRY--PERSONAL NAME
Personal name Sims, Lesley,
Relator term series editor.
830 ## - SERIES ADDED ENTRY--UNIFORM TITLE
Uniform title Usborne Young Reading
942 ## - ADDED ENTRY ELEMENTS (KOHA)
Source of classification or shelving scheme
Koha item type Books - Fiction
Holdings
Withdrawn status Lost status Source of classification or shelving scheme Damaged status Not for loan Collection code Permanent Location Current Location Shelving location Date acquired Full call number Barcode Date last seen Price effective from Koha item type
          Fiction KH8 Senior School Library KH8 Senior School Library Staff Office 2025-10-08 FIC DAV BRKHSL000004 2025-10-08 2025-10-08 Books - Fiction

Powered By KH8 IT Dept